| 000 | 01043naa a22002417a 4500 | ||
|---|---|---|---|
| 005 | 20251017151431.0 | ||
| 007 | ta | ||
| 008 | 251017e20240124xxk||||os||||o00| 0 eng d | ||
| 041 | _aeng | ||
| 245 | _aAlmacantar Centre Point Nominee No.1 Ltd v De Valk | ||
| 260 |
_a[2025] UKUT 298 (LC) _bUpper Tribunal (Lands Chamber) _c16 September 2025 |
||
| 520 | _aJudge Siobhan McGrath and Mrs D Martin TD MRICS FAAV clarified the meaning of "cladding" and "cladding remediation"; explored what would constitute an unsafe cladding system under the Building Safety Act 2022; and determined that there was no limitation period applicable to cladding remediation. | ||
| 650 | _aBUILDING SAFETY ACT 2022 | ||
| 650 | _aCLADDING | ||
| 650 | _aFIRE SAFETY | ||
| 650 | _aJUDGMENT | ||
| 650 | _aLANDLORD AND TENANT ACT 1985 | ||
| 650 | _aLIMITATION PERIODS | ||
| 650 | _aREMEDIATION | ||
| 650 | _aREMEDIATION ORDERS | ||
| 651 | _aUnited Kingdom | ||
| 856 |
_uhttps://caselaw.nationalarchives.gov.uk/ukut/lc/2025/298 _zAvailable from caselaw archives |
||
| 999 |
_c122217 _d122217 |
||